Olympic, Britanic oder Titanic? - Statistiken

Allgemein
  • Dieses Quiz wurde 67 mal gespielt
  • Das Durchschnittsergebnis liegt bei 7 aus 12
Antwortstatistiken
Bildquiz Antwort % Korrekt
Titanic
98%
Britanic
91%
Titanic
63%
Britanic
61%
Olympic
61%
Olympic
59%
Titanic
59%
Titanic
57%
Olympic
55%
Olympic
55%
Olympic
55%
Nachbau
13%
Keine übereinstimmenden Quizze gefunden
Verteilung der Resultate
Anzahl Personen mit jedem Resultat
Perzentil nach korrekt beantworteten Fragen
Ihre Resultats-Entwicklung
Sie haben dieses Quiz noch nicht gespielt